<?xml version="1.0" encoding="UTF-8"?>
<marc:record xmlns:marc="http://www.loc.gov/MARC21/slim">
   <marc:leader>00000nam a2200000 a 4500</marc:leader>
   <marc:datafield ind1="1" ind2=" " tag="100">
      <marc:subfield code="a">MacInerney, Monica</marc:subfield>
      <marc:subfield code="4">aut</marc:subfield>
      <marc:subfield code="e">Verfasser/-in</marc:subfield>
   </marc:datafield>
   <marc:datafield ind1="0" ind2="0" tag="245">
      <marc:subfield code="a">Töchter der Familie Faraday. Die -</marc:subfield>
   </marc:datafield>
   <marc:datafield ind1="0" ind2="0" tag="245">
      <marc:subfield code="b">Roman</marc:subfield>
   </marc:datafield>
   <marc:datafield ind1="0" ind2="0" tag="245">
      <marc:subfield code="c">MacInerney, Monica</marc:subfield>
   </marc:datafield>
   <marc:datafield ind1=" " ind2="1" tag="264">
      <marc:subfield code="a">München</marc:subfield>
   </marc:datafield>
   <marc:datafield ind1="1" ind2=" " tag="520">
      <marc:subfield code="a">Die zwanzigjährige Maggie Faraday bekommt überraschend Besuch von ihrem Großvater Henry, der sie um Hilfe bittet: Sie soll ihn dabei unterstützen, ein Treffen mit seinen fünf Töchtern zu arrangieren. Doch als die Faraday-Schwestern aus allen Ecken der Welt anreisen, merkt Maggie schnell, dass etwas nicht stimmt. Sie kommt einem lang gehegten Geheimnis auf die Spur, das das Leben der Familie Faraday von Grund auf verändern wird.</marc:subfield>
   </marc:datafield>
   <marc:datafield ind1=" " ind2=" " tag="338">
      <marc:subfield code="a">Band</marc:subfield>
   </marc:datafield>
   <marc:datafield ind1=" " ind2=" " tag="300">
      <marc:subfield code="a">639S.</marc:subfield>
   </marc:datafield>
</marc:record>
